M. Bachtin očima německé literární vědy

Bibliographic Details
Main Authors: Mathauser, Zdeněk, 1920-2007 (Author), Bachtin, Michail Michajlovič, 1895-1975 (Author)
Format: Article
Language:Slovak
Czech
Subjects:

MARC

LEADER 00000nab a2200000 a 4500
001 vtls000586301
003 SK-MaSNL
005 20260304101835.0
008 250425c1996 xo 0 slo
015 |a SNBRB19rr/mm-uuuuu 
035 |a CL0586440 
035 |a urn:nbn:sk:snk-abf2qy 
035 |a (urnnbn)urn:nbn:sk:snk:ar-0050aw 
035 |a (uuid)e6520732-75bc-4262-b264-217223c56db7 
040 |a SNKBUCL  |b slo  |c SNKBUCL  |e AACR2 
041 0 |a cze 
044 |a xo  |c SK 
080 |a 82.0  |2 1981 
100 1 |a Mathauser, Zdeněk,  |d 1920-2007  |4 aut  |9 16632 
245 1 0 |a M. Bachtin očima německé literární vědy  |c Zdeněk Mathauser 
650 0 7 |a veda literárna nemecká  |2 snkbucl  |9 1397954 
655 7 |a články z novín a časopisov  |2 snkbucl  |9 267496 
655 7 |a články z odboru literárna veda a krásna literatúra  |2 snkbucl  |9 770045 
700 1 |a Bachtin, Michail Michajlovič,  |d 1895-1975  |4 aut  |9 110157 
773 0 |t Slovenská literatúra  |g Roč. 43, č. 1-2 (1996), s. 54-59 
850 |a Slovenská národná knižnica 
852 |a Slovenská národná knižnica 
958 |a article27 
958 |a RK 
958 |a CZ 
958 |a LX 
958 |a DE 
958 |a OND 
958 |a EUIPO 
992 |a RBX 
999 |c 2842919  |d 2844849